| 000 | 00649cam a22002051 4500 | ||
|---|---|---|---|
| 001 | ca 30000230 | ||
| 003 | DLC | ||
| 005 | 20260227111122.0 | ||
| 008 | 880506s1909 pl 000 0 pol | ||
| 010 | _aca 30000230 | ||
| 035 | _a(OCoLC)17913633 | ||
| 040 |
_aDLC _cMiDW _dMiDW _dDLC |
||
| 042 | _apremarc | ||
| 050 | 0 | 0 |
_aPG7158.P4 _bI4 |
| 100 | 1 |
_aPerzyński, Włodzimierz, _d1878-1930. |
|
| 245 | 1 | 0 |
_aIdealiści, _btrzy jednoaktowe fragmenty sceniczne ... |
| 260 |
_aLwów, _bNakładem księgarni polskiej B. Połonieckiego; [etc., etc.] _c1909. |
||
| 300 |
_a3 p. l., [3]-59 p. _c20 cm. |
||
| 505 | 0 | _aDług wdzięczności.--Sezon.--Recenzyjka. | |
| 999 |
_c16593 _d16593 |
||